| 000 | 01480nam a22003977a 4500 | ||
|---|---|---|---|
| 003 | CHAP | ||
| 005 | 20220329143813.0 | ||
| 008 | 110912s2009 mx a r 00010 spa d | ||
| 010 | _a102085 | ||
| 011 | _a103057 | ||
| 020 | _a9786078003143 | ||
| 035 | _a113746 | ||
| 040 | _cCHAP | ||
| 082 | 0 | 4 |
_a634.6 _bF94 |
| 245 | 0 | 0 |
_aFrutas del trópico _c/editado por Martha Elena de Coss Flores, Cármen Ruiz Bello y José Luis Moreno Martínez |
| 260 |
_aTuxtla Gtz. Chis. : _bUniversidad Autónoma de Chiapas, _c2009 |
||
| 300 |
_a369 p. : _bilus., cuadros, gráfs., tablas |
||
| 500 | _aBilingue : español e inglés | ||
| 590 |
_aBATCH-UPD _b10 _c20130110 _lUCH01 _h0836 |
||
| 590 |
_aBATCH-UPD _b10 _c20130410 _lUCH01 _h0515 |
||
| 590 |
_aBATCH-UPD _b10 _c20130914 _lUCH01 _h0224 |
||
| 590 |
_aCONVERSION _b10 _c20130109 _lUCH01 _h1356 |
||
| 650 | 1 | 4 |
_aAlimentos _xTrópicos. _94297 |
| 650 | 1 | 4 |
_aCultivos tropicales. _930383 |
| 650 | 1 | 4 |
_aFruta _xTrópicos. _943663 |
| 650 | 1 | 4 |
_aFruticultura _xTrópicos. _943755 |
| 650 | 1 | 4 |
_aPlantas tropicales. _989088 |
| 700 | 0 |
_aCoss Flores, Martha E. de. _928461 |
|
| 700 | 0 |
_aMoreno Martínez, José Luis. _978653 |
|
| 700 | 0 |
_aRuiz Bello, Carmen. _9100618 |
|
| 901 | _aBK | ||
| 942 | _cLIBRO | ||
| 949 |
_a634.6 F94 _bBC _cLIBRO _d33724002303223 _eLIBRO _h115787 _i113746 _si |
||
| 949 |
_a634.6 F94 _bBC _cLIBRO _d33724002303959 _eLIBRO _fc.3 _h115766 _i113746 _si |
||
| 949 |
_a634.6 F94 _bBC _cLIBRO _d33724002303991 _eLIBRO _fc.2 _h115765 _i113746 _si |
||
| 999 |
_c102085 _d102085 |
||